| 000 | 00405nam a2200157Ia 4500 | ||
|---|---|---|---|
| 008 | 180921t2016 xxu||||| |||| 00| 0 eng d | ||
| 041 | _aeng | ||
| 080 |
_a294.3 _bKHE |
||
| 100 | _aKhemananda Ven,Mankada | ||
| 245 | 3 | _aAn Introduction to Fauna in the Buddhist Canon | |
| 260 |
_bGodage _aColombo _c2016 |
||
| 300 | _b424p, 23cm | ||
| 942 | _cBK | ||
| 999 |
_c2996 _d2996 |
||
| 003 | LK-CoDNM | ||
| 040 |
_aLK-CoDNM _dLK-CoDNM _eLK-CoDNM |
||